000 01039nmc a2200349 a 4500
003 AR-X00000XY
005 20251128211916.0
008 147020s1998 ||||||||||||||000 | spa||
020 _a958-96-889-4-2
040 _cAR-X00000XY
245 1 0 _aEl albao
_bcantos fúnebres de la tradición oral del Pacífico colombiano
260 _aSantafé de Bogotá
_bCorporación Identidad Cultural
_c1998
300 0 _a107 p.
490 0 _aAcontecer afrocolombiano
_vv. 1
500 0 _aDonación de la Embajada de Colombia en Buenos Aires
504 _aContiene referencias bibliográficas
650 4 _aCANCIONES
650 4 _aRITUALES
650 4 _aMUERTE
650 4 _aTRADICION ORAL
650 4 _aCOSTUMBRES Y TRADICIONES
650 4 _aCULTOS
650 4 _aETNOGRAFIA
650 4 _aTRABAJO DE CAMPO
650 4 _aCULTURAS AFRICANAS
650 4 _aCULTURAS SUDAMERICANAS
651 4 _aColombia
700 1 _aCórdoba Cuesta, Darcio Antonio
700 1 _aRóvira de Córdoba, Cidenia
942 _cBK
998 _cNancy
999 _c21580
_d21580